[Event "DVM 2008 U20"]
[Site "Arendsee"]
[Date "2008.12.27"]
[Round "2.4"]
[White "Busch, Christian"]
[Black "Weißbeck, Simon"]
[Result "0-1"]
[WhiteElo "1663"]
[BlackElo "1847"]
[PlyCount "58"]
[EventDate "2008.??.??"]
[WhiteTeam "SV 1947 Walldorf"]
[BlackTeam "Heilbronner SV"]

1. c4 Nf6 2. Nc3 g6 3. d4 Bg7 4. Nf3 O-O 5. Bf4 d6 6. e3 Nbd7 7. Bd3 Re8 8. Bg3
e5 9. dxe5 dxe5 10. e4 c6 11. O-O Nh5 12. Qc2 Nxg3 13. hxg3 Qc7 14. b4 Nf8 15.
b5 Ne6 16. a4 Nc5 17. Rad1 Be6 18. Ng5 Rad8 19. Nxe6 Nxe6 20. Qb1 Qa5 21. Qb3
Nc5 22. Qc2 Bh6 23. Be2 Rd4 24. f4 Red8 25. Rf3 Ne6 26. Rdf1 Rd2 27. Qc1 Nd4
28. Re3 Rc2 29. Qe1 Rxc3 0-1

[Event "DVM 2008 U20"]
[Site "Arendsee"]
[Date "2008.12.27"]
[Round "2.5"]
[White "Schwarz, Felix"]
[Black "Brede, Fabian"]
[Result "0-1"]
[WhiteElo "1759"]
[BlackElo "1635"]
[PlyCount "62"]
[EventDate "2008.??.??"]
[WhiteTeam "Heilbronner SV"]
[BlackTeam "SV 1947 Walldorf"]

1. d4 d5 2. Nf3 Nf6 3. Bg5 Ne4 4. Bf4 Bf5 5. e3 e6 6. Be2 Bd6 7. Bxd6 Qxd6 8.
c3 O-O 9. O-O c5 10. c4 dxc4 11. Bxc4 Rd8 12. Qb3 Nc6 13. dxc5 Qxc5 14. Qb5 Qe7
15. Ne5 Nxe5 16. Qxe5 Rac8 17. Bb3 g5 18. Qa5 b6 19. Qa4 Rd7 20. Na3 Nc5 21.
Qb4 Qf6 22. Nc4 Nd3 23. Qa4 Rcd8 24. Rad1 Nc5 25. Qb5 Bd3 26. Rfe1 Nxb3 27.
Rxd3 Rxd3 28. axb3 R3d5 29. Qa6 b5 30. Na3 Qxb2 31. Nxb5 Rd1 0-1

[Event "DVM 2008 U20"]
[Site "Arendsee"]
[Date "2008.12.27"]
[Round "2.6"]
[White "Buchholz, Daniel"]
[Black "Wang, Julia"]
[Result "0-1"]
[WhiteElo "1467"]
[BlackElo "1474"]
[PlyCount "84"]
[EventDate "2008.??.??"]
[WhiteTeam "SV 1947 Walldorf"]
[BlackTeam "Heilbronner SV"]

1. e4 c6 2. d4 d5 3. exd5 cxd5 4. Nf3 Nc6 5. Be2 Bf5 6. c3 e6 7. Nbd2 Nf6 8.
Nh4 Be4 9. Nhf3 Bd6 10. h3 Rc8 11. Qb3 Qc7 12. O-O O-O 13. Re1 h6 14. a4 Bh7
15. Bb5 a6 16. Bf1 Na5 17. Qd1 Rfe8 18. Re3 Nc4 19. Nxc4 dxc4 20. Nd2 Nd5 21.
Rf3 b5 22. axb5 axb5 23. g3 Bf5 24. Qe1 Ra8 25. Rxa8 Rxa8 26. Ne4 Ra1 27. Nxd6
Qxd6 28. g4 Bh7 29. Qd2 Be4 30. Rg3 Nf6 31. g5 hxg5 32. Rxg5 Bc6 33. Bg2 Be4
34. Qe3 Bd3 35. Re5 Rb1 36. Rxb5 Qa6 37. Rb8+ Kh7 38. Ra8 Qb5 39. Qf4 Nh5 40.
Qe3 Qxb2 41. Be4+ f5 42. Bxf5+ Bxf5 0-1

[Event "DVM 2008 U20"]
[Site "Arendsee"]
[Date "2008.12.27"]
[Round "2.1"]
[White "Paul, Johannes"]
[Black "Schneider, David"]
[Result "0-1"]
[WhiteElo "2038"]
[BlackElo "2218"]
[PlyCount "50"]
[EventDate "2008.??.??"]
[WhiteTeam "SG AE Magdeburg"]
[BlackTeam "FSV Großenseebach"]

1. c4 e5 2. Nc3 Nf6 3. g3 Bb4 4. Bg2 O-O 5. Nf3 Nc6 6. O-O e4 7. Ne1 Bxc3 8.
dxc3 h6 9. Nc2 Re8 10. Ne3 d6 11. f4 a5 12. a4 Bd7 13. Nd5 Bf5 14. h3 Nb8 15.
g4 Bc8 16. Be3 Nbd7 17. Qd4 Nxd5 18. cxd5 f5 19. g5 hxg5 20. fxg5 Rf8 21. Rf2
Qe8 22. Raf1 Nc5 23. b4 axb4 24. cxb4 Rxa4 25. Ra1 Nb3 0-1

[Event "DVM 2008 U20"]
[Site "Arendsee"]
[Date "2008.12.27"]
[Round "2.2"]
[White "Seyb, Alexander"]
[Black "Großmann, Susan"]
[Result "1-0"]
[WhiteElo "2241"]
[BlackElo "1951"]
[PlyCount "49"]
[EventDate "2008.??.??"]
[WhiteTeam "FSV Großenseebach"]
[BlackTeam "SG AE Magdeburg"]

1. e4 d6 2. d4 Nf6 3. Nc3 g6 4. f4 Bg7 5. Nf3 c5 6. Bb5+ Bd7 7. e5 Ng4 8. Bxd7+
Qxd7 9. d5 dxe5 10. h3 e4 11. hxg4 exf3 12. Qxf3 Na6 13. Bd2 Nb4 14. O-O-O
O-O-O 15. Ne4 Qa4 16. Bxb4 Qxb4 17. c3 Qb6 18. Ng5 Rdf8 19. Rxh7 Bf6 20. Rxh8
Rxh8 21. Ne4 Kb8 22. d6 c4 23. g5 Bg7 24. dxe7 Re8 25. Rd7 1-0

[Event "DVM 2008 U20"]
[Site "Arendsee"]
[Date "2008.12.27"]
[Round "2.3"]
[White "Brüggemann, Florian"]
[Black "Linsenmeyer, Mario"]
[Result "1/2-1/2"]
[WhiteElo "1960"]
[BlackElo "2101"]
[PlyCount "82"]
[EventDate "2008.??.??"]
[WhiteTeam "SG AE Magdeburg"]
[BlackTeam "FSV Großenseebach"]

1. e4 c5 2. Nf3 e6 3. Bc4 a6 4. c3 Qc7 5. Qe2 Nf6 6. O-O Be7 7. Bb3 d6 8. d3
O-O 9. Re1 Nc6 10. Nbd2 b5 11. Nf1 Bb7 12. Bf4 Ne5 13. Bc2 Ng6 14. Bd2 Nh5 15.
Ng3 Nhf4 16. Qf1 Rae8 17. Ne2 e5 18. a4 d5 19. Nxf4 Nxf4 20. axb5 axb5 21. Bxf4
exf4 22. d4 c4 23. exd5 Bd6 24. b4 Bxd5 25. Rxe8 Rxe8 26. Re1 Qd8 27. Rxe8+
Qxe8 28. Qe1 Qa8 29. Ng5 g6 30. Ne4 Be7 31. f3 Kg7 32. Nc5 Bd6 33. Nd7 Qa7 34.
Nc5 f5 35. h3 Qf7 36. Kh2 Qf6 37. Qe8 Bf7 38. Qxb5 Qh4 39. Qd7 Be7 40. Qc7 Qg3+
41. Kh1 Qe1+ 1/2-1/2

[Event "DVM 2008 U20"]
[Site "Arendsee"]
[Date "2008.12.27"]
[Round "2.4"]
[White "Kirch, Daniel"]
[Black "Nieber, Alexander"]
[Result "1/2-1/2"]
[WhiteElo "2081"]
[BlackElo "1796"]
[PlyCount "61"]
[EventDate "2008.??.??"]
[WhiteTeam "FSV Großenseebach"]
[BlackTeam "SG AE Magdeburg"]

1. d4 Nf6 2. c4 g6 3. Nc3 d5 4. cxd5 Nxd5 5. Na4 e5 6. dxe5 Bb4+ 7. Bd2 Ne3 8.
fxe3 Qh4+ 9. g3 Bxd2+ 10. Qxd2 Qxa4 11. Nf3 O-O 12. Bg2 Nc6 13. O-O Bf5 14. Nd4
Rad8 15. Bxc6 Qxc6 16. Qa5 Qe4 17. Nxf5 gxf5 18. Rf3 Qc2 19. Raf1 Qxb2 20. Qxc7
Qxe2 21. Qxb7 Rd2 22. R1f2 Qe1+ 23. Kg2 Rxf2+ 24. Rxf2 Qxe3 25. Rxf5 Qe2+ 26.
Rf2 Qxe5 27. Qxa7 Qd5+ 28. Kg1 Ra8 29. Qe3 Rxa2 30. Rxa2 Qxa2 31. Qg5+ 1/2-1/2

[Event "DVM 2008 U20"]
[Site "Arendsee"]
[Date "2008.12.27"]
[Round "2.5"]
[White "Reichel, Matti"]
[Black "Kirch, Florian"]
[Result "0-1"]
[WhiteElo "1767"]
[BlackElo "2012"]
[PlyCount "88"]
[EventDate "2008.??.??"]
[WhiteTeam "SG AE Magdeburg"]
[BlackTeam "FSV Großenseebach"]

1. e4 Nf6 2. Nc3 d5 3. e5 d4 4. exf6 dxc3 5. fxg7 cxd2+ 6. Qxd2 Qxd2+ 7. Bxd2
Bxg7 8. O-O-O O-O 9. Bc4 Nc6 10. Ne2 Ne5 11. Bb3 c5 12. Bc3 c4 13. Bxe5 cxb3
14. Bxg7 bxa2 15. b3 Kxg7 16. Kb2 Bf5 17. c4 Rfd8 18. Kxa2 Bc2 19. Rd4 e5 20.
Rg4+ Kf8 21. Ka3 Rd2 22. Re1 f6 23. Rg3 Kf7 24. Rh3 a5 25. Rf3 a4 26. b4 Bb3
27. Nc3 Bxc4 28. Rxe5 b5 29. Ref5 Ra6 30. Re3 Rad6 31. Rxb5 Bxb5 32. Nxb5 R6d3+
33. Rxd3 Rxd3+ 34. Kxa4 Rd2 35. Nc3 Rxf2 36. b5 Ke6 37. b6 Kd7 38. Ka5 Kc6 39.
Ne4 Ra2+ 40. Kb4 f5 41. Ng3 f4 42. Nh5 Rxg2 43. Kc3 f3 44. Kd3 Re2 0-1

[Event "DVM 2008 U20"]
[Site "Arendsee"]
[Date "2008.12.27"]
[Round "2.6"]
[White "Quaschner, Tobias"]
[Black "Rickmann, David"]
[Result "1-0"]
[WhiteElo "1893"]
[BlackElo "1639"]
[PlyCount "71"]
[EventDate "2008.??.??"]
[WhiteTeam "FSV Großenseebach"]
[BlackTeam "SG AE Magdeburg"]

1. e4 d5 2. exd5 Qxd5 3. Nc3 Qa5 4. Bc4 Bf5 5. d3 c6 6. Nge2 e6 7. O-O Bd6 8.
Ng3 Bg6 9. Nce4 Bxg3 10. Nxg3 Ne7 11. Kh1 O-O 12. Bd2 Qc7 13. f4 Nd7 14. Qe2
Nf6 15. Rae1 Nf5 16. Nxf5 Bxf5 17. h3 Qd7 18. Bc3 Nd5 19. Bd2 Bg6 20. Qf3 a5
21. a3 Ne7 22. g4 h6 23. h4 b5 24. Ba2 c5 25. Be3 Rac8 26. h5 Bh7 27. g5 Nf5
28. Bf2 Rfe8 29. Rg1 Kh8 30. Re5 hxg5 31. fxg5 Nd4 32. Bxd4 Qxd4 33. Re2 c4 34.
g6 cxd3 35. cxd3 fxg6 36. hxg6 1-0

[Event "DVM 2008 U20"]
[Site "Arendsee"]
[Date "2008.12.27"]
[Round "2.1"]
[White "Siebarth, Raiko"]
[Black "Bäumler, Ilja"]
[Result "1/2-1/2"]
[WhiteElo "2267"]
[BlackElo "2192"]
[PlyCount "103"]
[EventDate "2008.??.??"]
[WhiteTeam "SG Blau-Weiß Stadtilm"]
[BlackTeam "SK Nordhorn-Blanke"]

1. Nc3 Nf6 2. e4 d6 3. f4 g6 4. Nf3 Bg7 5. Bc4 O-O 6. d3 Bg4 7. h3 Bxf3 8. Qxf3
Nc6 9. a4 e6 10. O-O Ne7 11. Bb3 d5 12. g4 c5 13. g5 dxe4 14. dxe4 Nh5 15. Be3
Qc7 16. Bc4 Bd4 17. Nb5 Bxe3+ 18. Qxe3 Qc6 19. Be2 Ng7 20. Rfd1 a6 21. Rd6 Qc8
22. Na3 Qc7 23. Rad1 Nd5 24. exd5 Qxd6 25. Nc4 Nf5 26. Qf2 Qc7 27. d6 Qc6 28.
b3 Rad8 29. Bf3 Qe8 30. a5 Nd4 31. Bg2 f6 32. c3 Nb5 33. Qe3 fxg5 34. fxg5 Qd7
35. Ne5 Qg7 36. d7 Rf5 37. Ng4 Kh8 38. Nf6 Qf7 39. Bxb7 Rxf6 40. Qe5 Rxd7 41.
Rxd7 Qxd7 42. Qxf6+ Kg8 43. Bxa6 Nd6 44. Bd3 Nf5 45. Bxf5 exf5 46. Qa6 Qd1+ 47.
Qf1 Qxb3 48. Qd3 c4 49. Qd8+ Kg7 50. Qd4+ Kg8 51. a6 Qb1+ 52. Kf2 1/2-1/2

[Event "DVM 2008 U20"]
[Site "Arendsee"]
[Date "2008.12.27"]
[Round "2.2"]
[White "Baisakow, Alexander"]
[Black "Schneider, Christian"]
[Result "1/2-1/2"]
[WhiteElo "2107"]
[BlackElo "2088"]
[PlyCount "104"]
[EventDate "2008.??.??"]
[WhiteTeam "SK Nordhorn-Blanke"]
[BlackTeam "SG Blau-Weiß Stadtilm"]

1. e4 c6 2. Nf3 d5 3. exd5 cxd5 4. Ne5 Nc6 5. d4 Nf6 6. Bb5 Qb6 7. c4 e6 8. Nc3
Bb4 9. Qa4 Bd7 10. Nxd7 Nxd7 11. O-O Bxc3 12. bxc3 a6 13. Ba3 O-O-O 14. Bxc6
Qxc6 15. Qxc6+ bxc6 16. Be7 Rde8 17. Bd6 Nb6 18. cxd5 exd5 19. Rfb1 Nd7 20. Rb4
Re6 21. Bg3 Rhe8 22. f3 f5 23. h4 Rf6 24. Bf4 Re2 25. Rab1 h6 26. Kf1 Rfe6 27.
Rb7 Re1+ 28. Rxe1 Rxe1+ 29. Kxe1 Kxb7 30. Ke2 h5 31. Bd6 Nb6 32. Bf8 Kc8 33.
Bxg7 Kd7 34. Ke3 Ke6 35. Bf8 Nc4+ 36. Kf4 Kf6 37. g4 fxg4 38. fxg4 hxg4 39. h5
a5 40. h6 Kg6 41. Kxg4 Ne3+ 42. Kf4 Nd1 43. Ke5 Nxc3 44. a3 a4 45. Ke6 Ne2 46.
Bc5 Kxh6 47. Kd6 Kg6 48. Kxc6 Kf7 49. Kb5 Ke6 50. Kxa4 Kd7 51. Kb5 Kc7 52. Ka6
Kb8 1/2-1/2

[Event "DVM 2008 U20"]
[Site "Arendsee"]
[Date "2008.12.27"]
[Round "2.3"]
[White "Wolff, Christoph"]
[Black "Sanning, Nico"]
[Result "0-1"]
[WhiteElo "1718"]
[BlackElo "1957"]
[PlyCount "52"]
[EventDate "2008.??.??"]
[WhiteTeam "SG Blau-Weiß Stadtilm"]
[BlackTeam "SK Nordhorn-Blanke"]

1. e4 Nf6 2. Nc3 d6 3. d4 g6 4. Be2 Bg7 5. Be3 Nbd7 6. Qd2 c6 7. O-O-O Qc7 8.
Bh6 Kf8 9. h4 b5 10. Bf3 Nb6 11. e5 Ng4 12. Bxg7+ Kxg7 13. exd6 exd6 14. d5 b4
15. Qd4+ Ne5 16. Qxb4 Nbc4 17. Ne4 Rb8 18. Qc3 Nxb2 19. Re1 Na4 20. Qd4 Qa5 21.
Re3 Rb4 22. Qd1 cxd5 23. Nxd6 d4 24. Rb3 Nc3 25. Qe1 Rxb3 26. axb3 Qa3+ 0-1

[Event "DVM 2008 U20"]
[Site "Arendsee"]
[Date "2008.12.27"]
[Round "2.4"]
[White "van Akkeren, Arno"]
[Black "Berner, Stephan"]
[Result "1-0"]
[WhiteElo "1864"]
[BlackElo "1867"]
[PlyCount "49"]
[EventDate "2008.??.??"]
[WhiteTeam "SK Nordhorn-Blanke"]
[BlackTeam "SG Blau-Weiß Stadtilm"]

1. e4 c6 2. Nf3 d5 3. exd5 cxd5 4. Ne5 Nf6 5. d4 e6 6. c3 Be7 7. Bd3 Nc6 8. f4
a6 9. Nd2 Bd7 10. O-O b5 11. a3 Qb6 12. Ndf3 g6 13. Qe2 Ra7 14. Bd2 Na5 15.
Rae1 O-O 16. g4 Nc4 17. f5 Nxd2 18. Qxd2 exf5 19. gxf5 Kg7 20. fxg6 hxg6 21.
Nxg6 Ne4 22. Bxe4 dxe4 23. Nxe7 exf3 24. Rxf3 Rh8 25. Qg5+ 1-0

[Event "DVM 2008 U20"]
[Site "Arendsee"]
[Date "2008.12.27"]
[Round "2.5"]
[White "Kinzel, Tiffany"]
[Black "Kleinschmidt, Rene"]
[Result "0-1"]
[WhiteElo "1684"]
[BlackElo "1916"]
[PlyCount "82"]
[EventDate "2008.??.??"]
[WhiteTeam "SG Blau-Weiß Stadtilm"]
[BlackTeam "SK Nordhorn-Blanke"]

1. Nc3 Nf6 2. e4 d6 3. d4 g6 4. f4 Bg7 5. Nf3 O-O 6. Bd3 c5 7. Be3 Ng4 8. Bg1
cxd4 9. Nxd4 e5 10. fxe5 dxe5 11. Nf3 Nc6 12. h3 Nf6 13. Bc5 Re8 14. O-O Nd4
15. Qe1 b6 16. Ba3 Bb7 17. Rd1 Nd7 18. Qf2 Nc5 19. Bc4 Rf8 20. Nxd4 exd4 21.
Bxf7+ Kh8 22. Qg3 Qd7 23. Bc4 Rxf1+ 24. Kxf1 Qc6 25. Nd5 Nxe4 26. Qb3 Rc8 27.
Ba6 Bxa6+ 28. Kg1 Bc4 29. Ne7 Bxb3 30. Nxc6 Bxc2 31. Ne7 Bxd1 32. Nxc8 Be2 33.
Nd6 Nxd6 34. Bxd6 d3 35. Bf4 Bd4+ 36. Kh1 Bxb2 37. Bd2 a5 38. Kh2 Kg7 39. Kg3
Be5+ 40. Kf2 Bd4+ 41. Kg3 Kf6 0-1

[Event "DVM 2008 U20"]
[Site "Arendsee"]
[Date "2008.12.27"]
[Round "2.6"]
[White "Rickling, Renee"]
[Black "Schröter, Maik"]
[Result "1/2-1/2"]
[WhiteElo "1700"]
[BlackElo "1548"]
[PlyCount "32"]
[EventDate "2008.??.??"]
[WhiteTeam "SK Nordhorn-Blanke"]
[BlackTeam "SG Blau-Weiß Stadtilm"]

1. d4 d5 2. Nf3 e6 3. e3 Nf6 4. Nbd2 Be7 5. Bd3 O-O 6. O-O Nbd7 7. Qe2 Re8 8.
e4 dxe4 9. Nxe4 c6 10. Re1 Qc7 11. Nxf6+ Nxf6 12. Ne5 b6 13. Ng4 Nxg4 14. Qxg4
Bb7 15. Re3 g6 16. Rh3 Bf6 1/2-1/2

[Event "DVM 2008 U20"]
[Site "Arendsee"]
[Date "2008.12.27"]
[Round "2.1"]
[White "Wittenberg, Andreas"]
[Black "Högy, Kevin"]
[Result "1/2-1/2"]
[WhiteElo "2011"]
[BlackElo "1972"]
[PlyCount "80"]
[EventDate "2008.??.??"]
[WhiteTeam "SV Mülheim-Nord 1931"]
[BlackTeam "Sfr.Neuberg"]

1. d4 g6 2. Nf3 Bg7 3. g3 d5 4. Bg2 Nf6 5. O-O O-O 6. c4 c6 7. cxd5 cxd5 8. Ne5
Nc6 9. Nxc6 bxc6 10. Nc3 e5 11. e3 e4 12. b3 Bg4 13. Qc2 Qd7 14. Ba3 Rfc8 15.
Rfc1 Bh3 16. Qe2 Bxg2 17. Kxg2 h5 18. h4 Qf5 19. Na4 g5 20. Rh1 g4 21. Rac1
Qf3+ 22. Qxf3 exf3+ 23. Kh2 Ne4 24. Rc2 Bf8 25. Bxf8 Kxf8 26. Rhc1 Ke7 27. Kg1
Kd6 28. Kf1 Rab8 29. Ke1 Rc7 30. Nc5 Nxc5 31. Rxc5 Rb5 32. Kd2 Rxc5 33. Rxc5 f5
34. Kc3 Rb7 35. b4 Re7 36. Kd3 Rb7 37. a3 Rb6 38. Kc3 Rb7 39. Kd3 Rb5 40. Rxb5
cxb5 1/2-1/2

[Event "DVM 2008 U20"]
[Site "Arendsee"]
[Date "2008.12.27"]
[Round "2.2"]
[White "Knickel, Aaron"]
[Black "Bömelburg, Raphael"]
[Result "1-0"]
[WhiteElo "2085"]
[BlackElo "1910"]
[PlyCount "57"]
[EventDate "2008.??.??"]
[WhiteTeam "Sfr.Neuberg"]
[BlackTeam "SV Mülheim-Nord 1931"]

1. g3 Nf6 2. Bg2 g6 3. d3 Bg7 4. e4 e5 5. Nc3 Nc6 6. f4 d6 7. Nf3 Be6 8. O-O
Qd7 9. Kh1 Bg4 10. Qe1 h5 11. Nd5 Nxd5 12. exd5 Bxf3 13. Rxf3 Nd4 14. Rf2 O-O-O
15. c3 Nf5 16. Kg1 Rde8 17. Qf1 h4 18. g4 Ne7 19. fxe5 Bxe5 20. d4 Bg7 21. Rxf7
Qxg4 22. h3 Bxd4+ 23. Kh1 Nf5 24. hxg4 Ng3+ 25. Kh2 Nxf1+ 26. Bxf1 Rhf8 27.
Rxf8 Rxf8 28. Bg2 Be5+ 29. Kg1 1-0

[Event "DVM 2008 U20"]
[Site "Arendsee"]
[Date "2008.12.27"]
[Round "2.3"]
[White "Kelm, Marcel"]
[Black "Seifert, Christopher"]
[Result "1/2-1/2"]
[WhiteElo "1850"]
[BlackElo "2133"]
[PlyCount "21"]
[EventDate "2008.??.??"]
[WhiteTeam "SV Mülheim-Nord 1931"]
[BlackTeam "Sfr.Neuberg"]

1. e4 c5 2. Ne2 Nc6 3. c4 d5 4. Nbc3 g6 5. d4 cxd4 6. Nxd4 Bg7 7. Be3 Nf6 8.
Be2 a6 9. Qd2 Qc7 10. f3 Ne5 11. Rc1 1/2-1/2

[Event "DVM 2008 U20"]
[Site "Arendsee"]
[Date "2008.12.27"]
[Round "2.4"]
[White "Hummel, Dennis"]
[Black "Richters, Marc"]
[Result "1-0"]
[WhiteElo "1814"]
[BlackElo "1766"]
[PlyCount "69"]
[EventDate "2008.??.??"]
[WhiteTeam "Sfr.Neuberg"]
[BlackTeam "SV Mülheim-Nord 1931"]

1. e4 c5 2. Nc3 Nc6 3. d3 g6 4. g3 Bg7 5. Bg2 e6 6. Be3 Nd4 7. f4 Ne7 8. Nf3 d5
9. Bf2 Qa5 10. O-O Nxf3+ 11. Bxf3 d4 12. Ne2 e5 13. fxe5 Bxe5 14. c3 dxc3 15.
bxc3 Bh3 16. Re1 O-O 17. Qb3 Rab8 18. Rac1 Be6 19. Qc2 f5 20. d4 cxd4 21. cxd4
Rbc8 22. Qb2 fxe4 23. Bxe4 Bg7 24. Nf4 Rxc1 25. Qxc1 Bh6 26. Bxb7 Qxa2 27. Qe3
Rf6 28. Qe5 Bg7 29. Qe4 g5 30. Nd3 Bf5 31. Qxe7 Bxd3 32. Qd8+ Rf8 33. Bd5+ Kh8
34. Qxf8+ Bxf8 35. Bxa2 1-0